Efektivita ako centrálny problém rozvojovej pomoci a spolupráce
Sumarizácia problematiky efektivity rozvojovej pomoci a spolupráce na základe ponúkaného prehľadu empirickej literatúry zameranej na túto oblasť. Navzdory zdanlivo prevládajúcemu negatívnemu názoru na efektivitu využívania prostriedkov rozvojovej pomoci poukazujú viacerí autori na jej pozitívne efek...
Guardado en:
| Autor principal: | |
|---|---|
| Formato: | Capítulo de libro |
| Lenguaje: | eslovaco |
| Materias: | |
| Etiquetas: |
Sin Etiquetas, Sea el primero en etiquetar este registro!
|
MARC
| LEADER | 00000naa a2200000 4500 | ||
|---|---|---|---|
| 001 | 0120424 | ||
| 005 | 20240502072343.3 | ||
| 041 | 0 | |a slo | |
| 044 | |a SK | ||
| 245 | 1 | 0 | |a Efektivita ako centrálny problém rozvojovej pomoci a spolupráce |c Michal Ščepán |
| 520 | |a Sumarizácia problematiky efektivity rozvojovej pomoci a spolupráce na základe ponúkaného prehľadu empirickej literatúry zameranej na túto oblasť. Navzdory zdanlivo prevládajúcemu negatívnemu názoru na efektivitu využívania prostriedkov rozvojovej pomoci poukazujú viacerí autori na jej pozitívne efekty, zároveň však existuje aj pomerne početná skupina empirických štúdií nenachádzajúcich pozitívny vzťah medzi rozvojovou pomocou a hospodárskym rastom. Hlbší pohľad do problematiky efektivity pomoci a načrt jednotlivých aspektov týchto protirečivých záverov. Najnovšie štúdie v tejto oblasti dokazujú pozitívnu koreláciu medzi hospodárskym rastom a prílevmi rozvojovej pomoci. | ||
| 610 | 2 | 0 | |a pomoc rozvojová |
| 610 | 2 | 0 | |a spolupráca medzinárodná |
| 610 | 2 | 0 | |a efektívnosť |
| 610 | 2 | 0 | |a rast hospodársky |
| 100 | 1 | |a Ščepán, Michal | |